<?xml version="1.0" encoding="UTF-8"?>
<record
    xmlns:xsi="http://www.w3.org/2001/XMLSchema-instance"
    xsi:schemaLocation="http://www.loc.gov/MARC21/slim http://www.loc.gov/standards/marcxml/schema/MARC21slim.xsd"
    xmlns="http://www.loc.gov/MARC21/slim">

  <leader>01286cam a2200289 a 4500</leader>
  <controlfield tag="001">673523</controlfield>
  <controlfield tag="003">NUST-PNEC</controlfield>
  <controlfield tag="005">20170116180715.0</controlfield>
  <controlfield tag="008">951023s1996    caua     bf   001 0 eng  </controlfield>
  <datafield tag="010" ind1=" " ind2=" ">
    <subfield code="a">   95046468 </subfield>
  </datafield>
  <datafield tag="020" ind1=" " ind2=" ">
    <subfield code="a">0070394008</subfield>
  </datafield>
  <datafield tag="040" ind1=" " ind2=" ">
    <subfield code="a">DLC</subfield>
    <subfield code="c">PNEC</subfield>
    <subfield code="d">DLC</subfield>
  </datafield>
  <datafield tag="050" ind1="0" ind2="0">
    <subfield code="a">QA76.76.R44</subfield>
    <subfield code="b">H36 1996</subfield>
  </datafield>
  <datafield tag="082" ind1="0" ind2="0">
    <subfield code="a">005.1 LYN</subfield>
  </datafield>
  <datafield tag="100" ind1=" " ind2=" ">
    <subfield code="9">677</subfield>
    <subfield code="a">Lyu Michael R.</subfield>
  </datafield>
  <datafield tag="245" ind1="0" ind2="0">
    <subfield code="a">Handbook of software reliability engineering /</subfield>
    <subfield code="c">Michael R. Lyu, editor in chief.</subfield>
  </datafield>
  <datafield tag="260" ind1=" " ind2=" ">
    <subfield code="a">Los Alamitos, Calif. :</subfield>
    <subfield code="b">IEEE Computer Society Press ;</subfield>
    <subfield code="a">New York :</subfield>
    <subfield code="b">McGraw Hill,</subfield>
    <subfield code="c">c1996.</subfield>
  </datafield>
  <datafield tag="300" ind1=" " ind2=" ">
    <subfield code="a">xxv, 850 p. :</subfield>
    <subfield code="b">ill. ;</subfield>
    <subfield code="c">24 cm. +</subfield>
  </datafield>
  <datafield tag="500" ind1=" " ind2=" ">
    <subfield code="a">http://www.amazon.com/Handbook-Software-Reliability-Engineering-Michael/dp/0070394008/ref=sr_1_1?s=books&amp;ie=UTF8&amp;qid=1413524030&amp;sr=1-1&amp;keywords=0070394008</subfield>
  </datafield>
  <datafield tag="504" ind1=" " ind2=" ">
    <subfield code="a">Includes bibliographical references (p. 781-820).</subfield>
  </datafield>
  <datafield tag="538" ind1=" " ind2=" ">
    <subfield code="a">System requirements for accompanying computer disc: IBM-compatible PC; MS/DOS.</subfield>
  </datafield>
  <datafield tag="650" ind1=" " ind2="0">
    <subfield code="a">Computer software</subfield>
    <subfield code="x">Reliability</subfield>
    <subfield code="x">Handbooks, manuals, etc. - MIS</subfield>
  </datafield>
  <datafield tag="700" ind1="1" ind2=" ">
    <subfield code="a">Lyu, Michael R.</subfield>
  </datafield>
  <datafield tag="906" ind1=" " ind2=" ">
    <subfield code="a">7</subfield>
    <subfield code="b">cbc</subfield>
    <subfield code="c">orignew</subfield>
    <subfield code="d">1</subfield>
    <subfield code="e">ocip</subfield>
    <subfield code="f">19</subfield>
    <subfield code="g">y-gencatlg</subfield>
  </datafield>
  <datafield tag="942" ind1=" " ind2=" ">
    <subfield code="2">ddc</subfield>
    <subfield code="c">BK</subfield>
  </datafield>
  <datafield tag="999" ind1=" " ind2=" ">
    <subfield code="c">61134</subfield>
    <subfield code="d">61134</subfield>
  </datafield>
  <datafield tag="952" ind1=" " ind2=" ">
    <subfield code="0">0</subfield>
    <subfield code="1">0</subfield>
    <subfield code="2">ddc</subfield>
    <subfield code="4">0</subfield>
    <subfield code="7">0</subfield>
    <subfield code="a">PNEC</subfield>
    <subfield code="b">PNEC</subfield>
    <subfield code="c">REF</subfield>
    <subfield code="d">1997-12-03</subfield>
    <subfield code="e">-</subfield>
    <subfield code="g">856.00</subfield>
    <subfield code="l">0</subfield>
    <subfield code="o">005.1 LYN</subfield>
    <subfield code="p">PNECLIB-019635</subfield>
    <subfield code="r">2014-10-17</subfield>
    <subfield code="v">856.00</subfield>
    <subfield code="w">1997-12-03</subfield>
    <subfield code="y">BK</subfield>
  </datafield>
</record>
